书目信息 |
| 题名: |
洁净煤技术
|
|
| 作者: | 姚强, , 陈超 编著 | |
| 分册: | ||
| 出版信息: | 北京 化学工业出版社 2005.01 |
|
| 页数: | 316页 | |
| 开本: | 24cm | |
| 丛书名: | 21世纪可持续能源丛书 | |
| 单 册: | ||
| 中图分类: | TK227.1 , TQ53 , TK227.1 | |
| 科图分类: | ||
| 主题词: | 煤--Mei--燃烧--净化--技术 , 锅炉 | |
| 电子资源: | ||
| ISBN: | 7-5025-6030-0 | |
| 000 | 01125c 2200361 45 | |
| 001 | 12488 | |
| 005 | 20101207102749.43 | |
| 010 | @a7-5025-6030-0@d42.00CNY | |
| 092 | @b南大书店05-01-017@aCN | |
| 099 | @aCAL 012004141768 | |
| 100 | @a20041221d2005 em y0chiy0121 ea | |
| 101 | 0 | @achi |
| 102 | @aCN@b110000 | |
| 105 | @aabfka 000yy | |
| 200 | 1 | @a洁净煤技术@AJie Jing Mei Ji Shu@f姚强, 陈超编著 |
| 210 | @a北京@c化学工业出版社@d2005.01 | |
| 215 | @a316页@c图 (部分彩图), 地图@d24cm | |
| 225 | 2 | @a21世纪可持续能源丛书@A21 Shi Ji Ke Chi Xu Neng Yuan Cong Shu |
| 305 | @a本书实际出版为2004年 | |
| 314 | @a姚强 (1962-),浙江德清人,曾任浙江大学能源工程系教授,现任国家科技部863洁净煤主题专家组成员。 | |
| 320 | @a有书目 (第313-316页) | |
| 410 | 0 | @12001 @a21世纪可持续能源丛书 |
| 606 | 0 | @a煤@AMei@x燃烧@x净化@x技术 |
| 606 | 0 | @a锅炉 |
| 690 | @aTK227.1@v4 | |
| 690 | @aTQ53@v4 | |
| 690 | @aTK227.1@v3 | |
| 701 | 0 | @a姚强,@AYao Qiang@f1962-@4编著 |
| 701 | 0 | @a陈超@AChen Chao@4编著 |
| 801 | 0 | @aCN@bNMU@c20101207 |
| 905 | @a10447@dTK227.1@eY361 | |
| 906 | @dCNY42.00@n0@r1 | |
| 998 | @aNMU | |
| 洁净煤技术/姚强, 陈超编著.-北京:化学工业出版社,2005.01 |
| 316页:图 (部分彩图), 地图;24cm.-(21世纪可持续能源丛书) |
| ISBN 7-5025-6030-0:42.00CNY |
| ● |
| 相关链接 |
|
|
|
正题名:洁净煤技术
索取号:TK227.1/Y361
 
预约/预借
| 序号 | 登录号 | 条形码 | 馆藏地/架位号 | 状态 | 备注 |
| 1 | 531029 | 205310297 | 自科库501/501自科库 136排4列6层/ [索取号:TK227.1/Y361] | 在馆 | |
| 2 | 531030 | 205310304 | 期刊室512/501自科库 136排4列6层/ [索取号:TK227.1/Y361] | 在馆 | |
| 3 | 531031 | 205310313 | 能源与建筑环境工程学院资料室/201建筑库 30排3列3层/ [索取号:TK227.1/Y361] | 在馆 | |
| 4 | 531032 | 205310322 | 能源与建筑环境工程学院资料室/201建筑库 30排3列3层/ [索取号:TK227.1/Y361] | 在馆 | |
| 5 | 531033 | 205310331 | 自科库501/501自科库 136排4列6层/ [索取号:TK227.1/Y361] | 在馆 | |
| 6 | 824962 | 208249625 | 材料与化工学院资料室/ [索取号:TK227.1/Y361] | 在馆 |